Encyclopedia of Discovery: Science / (Record no. 105976)
[ view plain ]
| 000 -LEADER | |
|---|---|
| fixed length control field | 00534nam a2200193 a 4500 |
| 005 - DATE AND TIME OF LATEST TRANSACTION | |
| control field | 20140412111419.0 |
| 008 - FIXED-LENGTH DATA ELEMENTS--GENERAL INFORMATION | |
| fixed length control field | 070906s19uu xx 00 eng d |
| 020 ## - INTERNATIONAL STANDARD BOOK NUMBER | |
| International Standard Book Number | 1-74089-327-1 |
| 050 ## - LIBRARY OF CONGRESS CALL NUMBER | |
| Classification number | REF 503.22 |
| Item number | En1s 2001 |
| 100 ## - MAIN ENTRY--PERSONAL NAME | |
| Personal name | Creagh, Carson |
| 245 ## - TITLE STATEMENT | |
| Title | Encyclopedia of Discovery: Science / |
| Statement of responsibility, etc | Carson Creagh. |
| 260 ## - PUBLICATION, DISTRIBUTION, ETC. (IMPRINT) | |
| Place of publication, distribution, etc | Australia : |
| Name of publisher, distributor, etc | Weldon Owen Inc, |
| Date of publication, distribution, etc | 2001. |
| 300 ## - PHYSICAL DESCRIPTION | |
| Extent | 224 |
| 500 ## - GENERAL NOTE | |
| General note | includes index. |
| 650 ## - SUBJECT ADDED ENTRY--TOPICAL TERM | |
| Topical term or geographic name as entry element | Science |
| General subdivision | encyclopedias |
| 650 ## - SUBJECT ADDED ENTRY--TOPICAL TERM | |
| Topical term or geographic name as entry element | Science |
| General subdivision | Miscellanea |
| Withdrawn status | Lost status | Damaged status | Home library | Current library | Shelving location | Date acquired | Source of acquisition | Cost, normal purchase price | Total Checkouts | Full call number | Barcode | Date last seen | Price effective from | Koha item type |
|---|---|---|---|---|---|---|---|---|---|---|---|---|---|---|
| Elizalde Library | Elizalde Library | Reference Section | 09/06/2007 | 200.00 | REF 503.22 En1s 2001 | E11045 | 04/12/2014 | 04/12/2014 | Books | |||||
| Elizalde Library | Elizalde Library | Reference Section | 09/06/2007 | 200.00 | REF 503.22 En1s 2001 | E11003 | 04/12/2014 | 04/12/2014 | Books |